Assam General Knowledge/ (Record no. 212195)

MARC details
000 -LEADER
fixed length control field 00650nam a22002057a 4500
005 - DATE AND TIME OF LATEST TRANSACTION
control field 20250707154132.0
010 ## - LCCN (DPL NO)
LC control number ENG-145749
020 ## - INTERNATIONAL STANDARD BOOK NUMBER
Terms of availability 490.00
International Standard Book Number 9789361595783
035 ## - SYSTEM CONTROL NUMBER
System control number EN-129281
037 ## - SOURCE OF ACQUISITION
Source of stock number/acquisition DBAD
082 ## - DEWEY DECIMAL CLASSIFICATION NUMBER
Classification number 000
Edition number 2
100 ## - MAIN ENTRY--PERSONAL NAME
Personal name Gogoi, Anshuman
245 ## - TITLE STATEMENT
Title Assam General Knowledge/
Statement of responsibility, etc Anshuman Gogoi [and] Madhusmita Phukan
250 ## - EDITION STATEMENT
Edition statement 2
260 ## - PUBLICATION, DISTRIBUTION, ETC. (IMPRINT)
Place of publication, distribution, etc Noida
Name of publisher, distributor, etc Pearson India Education
Date of publication, distribution, etc 2025
270 ## - ADDRESS
Address 15th Floor, Towe-B, World Trade Tower, Plot No.1, Block-C, Sector-16
City Noida
Postal code 201301
300 ## - PHYSICAL DESCRIPTION
Extent vpp.
Dimensions 23cm(pb)
700 ## - ADDED ENTRY--PERSONAL NAME
Personal name Phukan, Madhusmita
Relator term Author
9 (RLIN) 82719
942 ## - ADDED ENTRY ELEMENTS (KOHA)
Source of classification or shelving scheme Dewey Decimal Classification
Item type English Books
Classification part 000
Call number suffix GOG
Holdings
Withdrawn status Lost status Not for loan Collection code Home library Current library Date acquired Source of acquisition Cost, normal purchase price Full call number Barcode Copy number Cost, replacement price Koha item type
      Non-fiction Mobile Library Mobile Library 07/07/2025 Delivery of Books Act Division 490.00 000 GOG EN-129281 1 490.00 English Books

© Delhi Public Library
Hit Counter
free hit counter